Fundamentos de fitogeografía

Gardado en:
Detalles Bibliográficos
Autor Principal: Cain, Stanley A (Author)
Formato: Libro
Idioma:Lingua castelá
Publicado: Buenos Aires Acme Agency 1951
Subjects:
Tags: Engadir etiqueta
Sen Etiquetas, Sexa o primeiro en etiquetar este rexistro!

MARC

LEADER 00000nam a2200000 a 4500
001 UCU3428
003 CL-VaPUC
008 960510e19510000AG |||||||||||||||||spa|d
082 0 4 |a 581.9  |b CAI  |2 21 
100 0 |a Cain, Stanley A  |e author  |9 360363 
245 1 0 |a Fundamentos de fitogeografía 
300 |a 659 p 
942 |c BK 
945 |d 19960510 00:00:00  |a rleighto 
260 |a Buenos Aires  |b Acme Agency  |c 1951 
650 7 |a FITOGEOGRAFIA  |2 CL-VaPUC  |9 264646 
650 0 |a Botánica  |9 264202 
650 0 |a Vegetales  |9 264557 
650 0 |a Plantas  |9 264555 
650 7 |a PALEOECOLOGIA  |2 CL-VaPUC  |9 261801 
650 0 |a Genética vegetal  |9 264341 
650 7 |a FLORA  |2 CL-VaPUC  |9 264745 
583 |a last modification  |c 19960510 00:00:00  |k Rodrigo Vera 
999 |c 247443  |d 247441 
952 |0 0  |1 0  |4 0  |6 581_900000000000000_CAI_1951  |7 0  |8 A  |9 263348  |a BIBCUR  |b BIBCUR  |d 2019-11-19  |i 3199401  |o 581.9 CAI 1951  |p 3199401  |r 2025-04-22  |w 2019-11-19  |y BK  |k BCB